000 00414nam a2200181Ia 4500
003 0100
008 130303s9999 xx 000 0 und d
040 _cARRUPELIB
050 _aK246.D411951
100 _aD'Entreves, A.P
245 _aNatural Law
245 _bAn Historical Survey
260 _aNY
260 _bHarper Torchbooks Inc!The Academy Library
260 _C1951
300 _a126p
942 0 0 _02
999 _c55683
_d55683